00195pam a2200109 a 4500020000500000041000500005100002100010245002500031260000900056300000800065653001200073 c h aRomulus whitaker aCommon Indian Snakes c1992 a154 aZoology